Методики экспрессного определения тяжелых металлов в природных, промышленных, питьевых и технологических водах; Безопасность жизнедеятельности; № 12

Dades bibliogràfiques
Parent link:Безопасность жизнедеятельности: научно-практический и учебно-методический журнал.— , 2001-
№ 12.— 2004.— С. 39-43
Autor principal: Кичигин О. В.
Idioma:rus
Publicat: 2004
Col·lecció:Экологическая безопасность
Matèries:
Format: MixedMaterials Capítol de llibre
KOHA link:https://koha.lib.tpu.ru/cgi-bin/koha/opac-detail.pl?biblionumber=395371

MARC

LEADER 00000naa2a2200000 4500
001 395371
005 20231101064621.0
035 |a (RuTPU)RU\TPU\prd\32642 
090 |a 395371 
100 |a 20050210a2004 k y0rusy50 ca 
101 0 |a rus 
102 |a RU 
200 1 |a Методики экспрессного определения тяжелых металлов в природных, промышленных, питьевых и технологических водах  |f О. В. Кичигин 
225 1 |a Экологическая безопасность 
320 |a Библиогр.: 13 назв. 
461 1 |0 (RuTPU)RU\TPU\prd\1137  |t Безопасность жизнедеятельности  |o научно-практический и учебно-методический журнал  |d 2001- 
463 1 |0 (RuTPU)RU\TPU\prd\31889  |t № 12  |v С. 39-43  |d 2004 
610 1 |a экспресное определение 
610 1 |a природные воды 
610 1 |a промышленные воды 
610 1 |a питьевые воды 
610 1 |a технологические воды 
610 1 |a тяжелые металлы 
610 1 |a предельно-допустимые концентрции 
610 1 |a аналитические определения 
610 1 |a медь 
610 1 |a кобальт 
610 1 |a никель 
610 1 |a уран 
610 1 |a торий 
610 1 |a стронций 
675 |a 543.422  |v 3 
700 1 |a Кичигин  |b О. В. 
801 1 |a RU  |b 63413507  |c 20050210  |g PSBO 
942 |c BK